01116cam a2200337 a 450000100090000000300040000900500170001300800410003001000170007102000180008804000180010604200090012405000250013310000290015824500540018725000210024126000510026230000210031349000280033452100070036252600080036960000470037760000270042465000230045165000200047465000260049465100590052065100540057980000550063385600900068812694924OSt20140403132832.0020307s2002 nyu j 000 1 eng  a 2002003264 a9780439265997 aDLCcDLCdDLC alcac00aPZ 7b.C88284At 20041 aCrossley-Holland, Kevin.10aAt the crossing-places /cKevin Crossley-Holland. a1st American ed. aNew York, NY :bArthur A. Levine Books,c2004. a394 p. ;c24 cm.1 aArthur trilogy ;vbk. 2 aG4 c65000aCrossley-Holland, KevinvJuvenile fiction.01aArthur, KingvFiction. 1aIdentityvFiction. 1aMagicvFiction. 1aMiddle AgesvFiction. 1aGreat BritainxHistoryyRichard I, 1189-1199vFiction. 1aGreat BritainxHistoryyJohn, 1199-1216vFiction.1 aCrossley-Holland, Kevin.tArthur trilogy ;vbk. 2.423Publisher descriptionuhttp://www.loc.gov/catdir/description/schol051/2002003264.html